000 01378nab a2200409 a 4500
001 128107
003 FlNmELB
005 20241217180053.0
006 m o d |
007 cr cn|||||||||
008 201206r2002 mx |||||s|||||||||||spa d
022 _a1405-3195
035 _a(OCoLC)955364911
040 _aFlNmELB
_bspa
_cFlNmELB
050 4 _aQA1
_bR336 2002
080 _a510
082 0 4 _a51
_222
222 0 _aAgrociencia
245 0 4 _aUna región confidencial para óptimos económicos
_h[recurso electronico] /
_cCiolys Beatriz Colmenares ...[et al.].
260 _aTexcoco, México :
_bColegio de Postgraduados,
_c2002.
300 _a337-344 p.
310 _aBimestral
362 0 _aVol. 36, Num. 3 (Mayo-Jun. 2002)-
533 _aRecurso electrónico. Santa Fe, Arg.: e-libro, 2015. Disponible vía World Wide Web. El acceso puede estar limitado para las bibliotecas afiliadas a e-libro.
546 _aArtículo en español, resumenes en español e inglés.
650 0 _aMatemáticas.
650 0 _aEstadística.
650 0 _aMathematics.
650 0 _aStatistics.
653 _aMatematicas
653 _aEstadistica
655 4 _aArtículos electrónicos.
700 1 _aColmenares, Ciolys Beatriz.
710 2 _ae-libro, Corp.
740 0 2 _aAgrociencia.
856 4 0 _uhttps://elibro.net/ereader/politecnicointernacional/18980
999 _c128107
_d128107